The principles of state and government in Islam (Record no. 7122)

000 -LEADER
fixed length control field 00524 a2200181 4500
020 ## - INTERNATIONAL STANDARD BOOK NUMBER
International Standard Book Number 9839154095
040 ## - CATALOGING SOURCE
Original cataloging agency DLC
082 ## - DEWEY DECIMAL CLASSIFICATION NUMBER
Classification number 297.1977
100 1# - MAIN ENTRY--PERSONAL NAME
Personal name Muhammad Asad.
245 14 - TITLE STATEMENT
Title The principles of state and government in Islam
Statement of responsibility, etc. Muhammad Asad.
246 30 - VARYING FORM OF TITLE
Title proper/short title State and government in Islam.
250 ## - EDITION STATEMENT
Edition statement New ed.
260 ## - PUBLICATION, DISTRIBUTION, ETC.
Place of publication, distribution, etc. Kuala Lumpur :
Name of publisher, distributor, etc. Islamic Books Trust,
Date of publication, distribution, etc. 1980.
300 ## - PHYSICAL DESCRIPTION
Extent 111 p.
650 #0 - SUBJECT ADDED ENTRY--TOPICAL TERM
Topical term or geographic name entry element Constitutional law (Islamic law)
650 #0 - SUBJECT ADDED ENTRY--TOPICAL TERM
Topical term or geographic name entry element Constitutional law
Geographic subdivision Pakistan.
942 ## - ADDED ENTRY ELEMENTS (KOHA)
Koha item type Book
Call number prefix 297.1977 ASA
Source of classification or shelving scheme
Holdings
Withdrawn status Lost status Damaged status Not for loan Collection code Permanent Location Current Location Shelving location Date acquired Source of acquisition Total Checkouts Total Renewals Full call number Barcode Date last seen Date last checked out Price effective from Koha item type
          Central Library (CL) Central Library (CL) General Stacks 03/26/2008 Donation 7 2 297.1977 ASA SEECS001867 09/15/2025 06/21/2025 01/05/2017 Book
          Central Library (CL) Central Library (CL) General Stacks 03/26/2002 Donation 2 1 297.1977 ASA SEECS001866 02/27/2023 07/25/2019 01/05/2017 Book
© 2023 Central Library, National University of Sciences and Technology. All Rights Reserved.